• 首页
  • 本馆介绍
  • 公告通知
  • 最新文献
  • 馆藏检索
  • 电子资源
  • 读者导购
  • 参考咨询
  • 我的图书馆
  • 登录
  • 详细信息显示
  • 放入我的书架
  • 预约/预借图书
  • 作者相关作品
  • 分类相关作品
  • 丛书相关作品
  • 出版社相关作品

书目信息

  • 表格格式
  • 工作单格式
  • 卡片格式
题名:
未来之战
    
 
作者: 李大鹏 著
分册:  
出版信息: 北京   新华出版社  2015
页数: 303页
开本: 24cm
丛书名:
单 册:
中图分类: E81
科图分类:
主题词: 未来战争--研究
电子资源:
ISBN: 978-7-5166-1762-5
000 01102nam0 2200241 450
001 012001000701
005 20140920091302.0
010    @a978-7-5166-1762-5@dCNY38.00
100    @a20150920d2015 em y0chiy50 ea
101 0  @achi
102    @aCN@b110000
105    @aa z 000yy
106    @ar
200 1  @a未来之战@9Wei Lai Zhi Zhan@e全维精确战@f李大鹏著
210    @a北京@c新华出版社@d2015
215    @a303页@c图@d24cm
330    @a基于战争史和“当代战争处于快速发展和演变过程中”这一事实,依据军事理论、科学技术等领域的原则和规律,通过深入考察和周密论证,对未来的战争样式进行预测研究。“未来”这一时间概念,限定为至2050年的30年左右的时间区间内,这个时间一般也是战略性系统的批量建造时间跨度。提出未来战争是“全维战场空间内进行的高精度战争”,简称“全维精确战”。“全维战”的概念涵盖了当今已经公认形成的和未来可能出现的新的战场空间;“精确战”的概念是由于未来战争中的参战各方均以高精度作为主战。
517 1  @a全维精确战@9Quan Wei Jing Que Zhan
606 0  @a未来战争@x研究
690    @aE81@v5
701  0 @a李大鹏@9Li Da Peng@4著
801  0 @aCN@b上海新华@c20180901
905    @b1151047-51@dE81@e45@f5
    
    未来之战:全维精确战/李大鹏著.-北京:新华出版社,2015
    303页:图;24cm
    
    
    ISBN 978-7-5166-1762-5:CNY38.00
    基于战争史和“当代战争处于快速发展和演变过程中”这一事实,依据军事理论、科学技术等领域的原则和规律,通过深入考察和周密论证,对未来的战争样式进行预测研究。“未来”这一时间概念,限定为至2050年的30年左右的时间区间内,这个时间一般也是战略性系统的批量建造时间跨度。提出未来战争是“全维战场空间内进行的高精度战争”,简称“全维精确战”。“全维战”的概念涵盖了当今已经公认形成的和未来可能出现的新的战场空间;“精确战”的概念是由于未来战争中的参战各方均以高精度作为主战。
●
相关链接 在E读中查询图书 在五车中查询图书 在当当中查询图书 在豆瓣中查询图书


正题名:未来之战     索取号:E81/45         预约/预借

序号 登录号 条形码 馆藏地/架位号 状态 备注
1 1151047   211510471   第一样本阅览室/ [索取号:E81/45] 在馆    
2 1151048   211510480   第一借阅区/ [索取号:E81/45] 在馆    
3 1151049   211510499   第一借阅区/ [索取号:E81/45] 在馆    
4 1151050   211510505   第一借阅区/ [索取号:E81/45] 在馆    
5 1151051   211510514   资源管理系资料室/ [索取号:E81/45] 在馆    
唐山师范学院图书馆 欢迎您!
大连网信软件有限公司© 版权所有